Liquidación detallada de los presupuestos de gastos ordinarios y extraordinarios de 1973

Uloženo v:
Podrobná bibliografie
Korporativní autor: Costa Rica. Contraloría General de la República
Médium: Text
Vydáno: San José: La Contraloría
Tagy: Přidat tag
Žádné tagy, Buďte první, kdo vytvoří štítek k tomuto záznamu!

MARC

LEADER 00000 a a2200000 04500
001 17974
003
040
090 |a EXTRAVIADO  
110 |a Costa Rica. Contraloría General de la República  
245 |a Liquidación detallada de los presupuestos de gastos ordinarios y extraordinarios de 1973  
260 |a San José:   |b La Contraloría  
300 |a 307 p.  
999 |c 1477  |d 1477